| 000 | 00000nam 2200000za 4500 |
| 001 | 9.819168 |
| 003 | CaOODSP |
| 005 | 20250623135435 |
| 007 | cr ||||||||||| |
| 008 | 160811s2016 onc ob f000 0 eng d |
| 020 | |a978-0-660-05634-0 |
| 040 | |aCaOODSP|beng |
| 043 | |an-cn--- |
| 086 | 1 |aEm20-46/2016E-PDF |
| 110 | 1 |aCanada. |bEmployment and Social Development Canada. |bEvaluation Directorate. |
| 245 | 10|aEvaluation of the Work-Sharing Program |h[electronic resource] : |cfinal report. |
| 260 | |a[Ottawa] : |bEmployment and Social Development Canada, |cc2016. |
| 300 | |axiii, 35 p. |
| 500 | |aIssued also in French under title: Évaluation du Programme de travail partagé : rapport final. |
| 500 | |a"Evaluation Directorate, Strategic and Service Policy Branch, Employment and Social Development Canada.” |
| 500 | |a"March 21, 2016.” |
| 504 | |aIncludes bibliographical references. |
| 692 | 07|2gccst|aFederal programs |
| 692 | 07|2gccst|aWorkers |
| 692 | 07|2gccst|aFinancial assistance |
| 692 | 07|2gccst|aProgram assessment |
| 775 | 08|tÉvaluation du Programme de travail partagé |w(CaOODSP)9.819169 |
| 794 | |tEvaluation of the Work-Sharing Program.|w(CaOODSP)9.952611 |
| 856 | 40|qPDF|s830 KB|uhttps://publications.gc.ca/collections/collection_2016/edsc-esdc/Em20-46-2016-eng.pdf |
| 986 | |aSP-1122-06-16E |